Flags With Only Two Colors - Statistics

General Stats
  • This quiz has been taken 243 times
  • The average score is 31 of 36
Answer Stats
Picture Answer % Correct
Albania
95%
China
95%
Finland
95%
Canada
94%
Denmark
94%
Greece
94%
Israel
93%
Japan
93%
Austria
92%
Sweden
92%
Bangladesh
90%
Switzerland
90%
Georgia
89%
Poland
89%
Turkey
89%
Saudi Arabia
88%
Ukraine
88%
Morocco
87%
Pakistan
87%
Qatar
87%
Bahrain
86%
Indonesia
85%
Nigeria
85%
Vietnam
85%
Latvia
84%
North Macedonia
84%
Monaco
82%
Tunisia
82%
Kazakhstan
81%
Singapore
79%
Peru
78%
Somalia
77%
Kyrgyzstan
74%
Palau
73%
Tonga
73%
Micronesia
70%
No matching quizzes found
Score Distribution
Percent of People with Each Score
Percentile by Number Answered
Your Score History
You have not taken this quiz